000 00255nam a22001217a 4500
008 171030b xxu||||| |||| 00| 0 eng d
041 _aeng
080 _a336
100 _a56
101 _aFIN
245 _aMEDEIVAL FINANCE
_cBRYCE.L
942 _2udc
_cBK
999 _c36321
_d36321